| 000 | 00673nam a2200253Ia 4500 | ||
|---|---|---|---|
| 003 | OSt | ||
| 005 | 20220918163204.0 | ||
| 006 | a|||||r|||| 00| 0 | ||
| 007 | ta | ||
| 008 | 220917b |||||||| |||| 00| 0 eng d | ||
| 020 | _a0 19 212552 4 | ||
| 024 | _a20,028 | ||
| 037 | _cTextual | ||
| 040 |
_aARTS _cARTS _beng |
||
| 041 |
_2eng _aeng |
||
| 082 | _aO111,3M85:g, L2 | ||
| 100 |
_aSwigg Richard _911844 |
||
| 245 | 0 | _aLawrence Hardy and America | |
| 260 |
_aLondon _bOxford Uni. Press UK _c1972 |
||
| 300 |
_axii,368p. _ccm. |
||
| 650 | _aENGLISH LITERATURE | ||
| 942 |
_hO111,3M85:g, L2 _cTEXL _2CC |
||
| 999 |
_c118296 _d118296 |
||